Dugaan hidup

Bibliographic Details
Main Author: Azlin Ayub
Format: Book
Published: Selangor : Penerbitan Zharfan , 2007
Series:Siri pedoman masyarakat
Subjects:

MARC

LEADER 00000cam a2200000 7i4500
001 0000032573
005 20151222.0
008 120608
020 |a 9833670062 (Set) 
020 |a 9833670109 
090 0 0 |a JF   |b MAL 
100 0 |a Azlin Ayub 
245 1 0 |a Dugaan hidup   |c Azlin Ayub 
260 |a Selangor :   |b Penerbitan Zharfan ,   |c 2007 
440 |a Siri pedoman masyarakat 
500 |a Children ages 10-12 years old (pink) 
650 0 |a Malay fiction 
999 |a 0001129149   |b Book   |c Children Collection   |e Cawangan Segamat 
999 |a 0001130773   |b Book   |c Children Collection   |e Cawangan Segamat 
999 |a 0001135841   |b Book   |c Children Collection   |e Perbadanan Perpustakaan Awam Johor 
999 |a 0001135842   |b Book   |c Children Collection   |e Perbadanan Perpustakaan Awam Johor 
999 |a 0001135843   |b Book   |c Children Collection   |e Perbadanan Perpustakaan Awam Johor 
999 |a 0001135844   |b Book   |c Children Collection   |e Perbadanan Perpustakaan Awam Johor 
999 |a 0001135845   |b Book   |c Children Collection   |e Perbadanan Perpustakaan Awam Johor